|
|
|
|
| LEADER |
00000ny a22000003n 4500 |
| 005 |
20110620130557.0 |
| 008 |
080701s2005 sp s 000 0 spa c |
| 035 |
|
|
|a 1115
|
| 040 |
|
|
|a UMA.RE
|d vLex
|
| 080 |
|
|
|a 330.322(460)(0.034)
|
| 080 |
|
|
|a 339.727.22(460)(0.034)
|
| 090 |
|
|
|c 873
|d 873
|
| 245 |
0 |
0 |
|a Monogrf̀ico invertir en Espaą
|h [Recurso electrn̤ico]
|b 2005
|
| 256 |
|
|
|a Servicio en ln̕ea
|
| 260 |
|
|
|a [Barcelona] :
|b Planificacin̤ Jurd̕ica,
|c 2005
|
| 506 |
1 |
|
|a Contenido solo disponible en los productos indicados
|d vLex Global
|d vLex Global (Academic Edition, excluding Law Schools)
|d vLex Global (U.S. Academic Edition, Law Schools)
|d vLex Global (U.S. Academic Edition, excluding Law Schools)
|d vLex Global (Academic Edition, Law Schools)
|
| 740 |
0 |
|
|a vLex Libros (Servicios en ln̕ea)
|
| 856 |
4 |
0 |
|z Acceso restringido
|u http://vlex.com/source/2116
|
| 942 |
|
|
|c BOOK
|
| 999 |
0 |
4 |
|a Capital investments
|b Espaą
|
| 999 |
0 |
4 |
|a Inversiones extranjeras
|z Espaą
|v En ln̕ea
|